[Event "FAI-chT2 1516"]
[Site "Faroe Islands"]
[Date "2016.01.10"]
[Round "5.4"]
[White "Tuvuvolli, Jakup A"]
[Black "Naes, Jogvan"]
[Result "0-1"]
[WhiteElo "1515"]
[BlackElo "1834"]
[PlyCount "60"]
[EventDate "2015.10.25"]
[EventType "team-tourn"]
[EventRounds "10"]
[EventCountry "FAI"]
[SourceTitle "EXT 2017"]
[Source "ChessBase"]
[SourceDate "2016.10.25"]
[SourceVersion "1"]
[SourceVersionDate "2016.10.25"]
[SourceQuality "1"]
[WhiteTeam "Sandavagur III"]
[BlackTeam "Havnin II"]
[WhiteTeamCountry "FAI"]
[BlackTeamCountry "FAI"]

1. e4 e5 2. Nf3 Nf6 3. Nxe5 d6 4. Nf3 Nxe4 5. d4 d5 6. Bd3 Bd6 7. 0-0 Bg4 8. Nbd2 f5 9. c4 Nd7 10. cxd5 Ndf6 11. Qb3 0-0 12. Qxb7 Qe8 13. h3 Nxd2 14. Nxd2 Bxh3 15. Nf3 Qh5 16. Ne5 Bxe5 17. dxe5 Qg4 18. d6 Ne4 19. g3 Qf3 20. Qb3+ Kh8 21. Bxe4 Qxe4 22. f3 Qe2 23. Rf2 Qe1+ 24. Kh2 Qxf2+ 25. Kxh3 Qf1+ 26. Kh2 cxd6 27. exd6 Rae8 28. g4 Re2+ 29. Kg3 f4+ 30. Kh4 Qh1+ 0-1

[Event "Sandavag op"]
[Site "Sandavag"]
[Date "2015.11.07"]
[Round "4"]
[White "Tuvuvolli, Jakup A"]
[Black "Danielsen, Andrias"]
[Result "0-1"]
[WhiteElo "1515"]
[BlackElo "1864"]
[PlyCount "126"]
[EventDate "2015.11.06"]
[EventType "swiss"]
[EventRounds "7"]
[EventCountry "FAI"]
[SourceTitle "EXT 2017"]
[Source "ChessBase"]
[SourceDate "2016.10.25"]
[SourceVersion "1"]
[SourceVersionDate "2016.10.25"]
[SourceQuality "1"]

1. e4 d6 2. d4 Nf6 3. Nc3 g6 4. f4 Bg7 5. Nf3 0-0 6. Be2 c5 7. d5 a6 8. a4 e6 9. 0-0 exd5 10. exd5 Bf5 11. Bd3 Bxd3 12. Qxd3 Qb6 13. Kh1 Nbd7 14. Be3 Ng4 15. Bg1 Qxb2 16. Ne4 Qb6 17. Rab1 Qc7 18. c4 Ndf6 19. h3 Nxe4 20. Qxe4 Rfe8 21. Qd3 Nf6 22. Rfe1 Rxe1 23. Rxe1 Qd7 24. Qc2 Rb8 25. Bh2 b5 26. axb5 axb5 27. g4 Re8 28. Re2 bxc4 29. Rxe8+ Qxe8 30. Qxc4 Qe3 31. Kg2 Ne4 32. Qa2 h6 33. Bg3 c4 34. Qxc4 Qxf3+ 35. Kxf3 Nd2+ 36. Ke2 Nxc4 37. Kd3 Nb6 38. Ke4 Kf8 39. Bf2 Nd7 40. Be3 Ke7 41. h4 Nc5+ 42. Kf3 f5 43. g5 h5 44. Ke2 Kd7 45. Kd2 Kc7 46. Kc2 Kb6 47. Kd2 Kb5 48. Kc2 Kc4 49. Bd2 Kxd5 50. Bc1 Bd4 51. Kd1 Bf2 52. Ke2 Bxh4 53. Kf3 Kc4 54. Be3 d5 55. Ke2 d4 56. Bd2 Nb3 57. Be1 Bxe1 58. Kxe1 Kc3 59. Ke2 h4 60. Ke1 h3 61. Kf2 d3 62. Kg3 d2 63. Kxh3 d1Q 0-1

[Event "FAI-chT2 1415"]
[Site "Faroe Islands"]
[Date "2014.11.23"]
[Round "5.3"]
[White "Joanesarson, Martin"]
[Black "Tuvuvolli, Jakup A"]
[Result "0-1"]
[WhiteElo "1435"]
[BlackElo "1528"]
[PlyCount "54"]
[EventDate "2014.10.26"]
[EventType "team-tourn"]
[EventRounds "10"]
[EventCountry "FAI"]
[SourceTitle "CBM 163 Extra"]
[Source "ChessBase"]
[SourceDate "2014.12.23"]
[SourceVersion "1"]
[SourceVersionDate "2014.12.23"]
[SourceQuality "1"]
[WhiteTeam "Vestmanna II"]
[BlackTeam "Sandavagur III"]
[WhiteTeamCountry "FAI"]
[BlackTeamCountry "FAI"]

1. d4 d5 2. Bg5 Nd7 3. e3 Ngf6 4. Bd3 c6 5. c3 e6 6. f4 Be7 7. Nd2 Qb6 8. Qc2 Qd8 9. Qd1 c5 10. Ngf3 b6 11. Ne5 Nxe5 12. fxe5 Nd7 13. Bxe7 Qxe7 14. 0-0 Qg5 15. e4 Qe3+ 16. Rf2 Qxd3 17. Qg4 0-0 18. Raf1 Qe3 19. Kh1 Ba6 20. c4 dxc4 21. Rxf7 Rxf7 22. Qxe6 Raf8 23. Nf3 cxd4 24. h4 h6 25. Re1 Qf4 26. Qd5 Nxe5 27. Rf1 c3 0-1

[Event "FAI-chT3 1415"]
[Site "Faroe Islands"]
[Date "2014.11.08"]
[Round "2.1"]
[White "Tuvuvolli, Jakup A"]
[Black "Hajgaard, Brandur"]
[Result "1/2-1/2"]
[WhiteElo "1528"]
[BlackElo "1772"]
[PlyCount "114"]
[EventDate "2014.10.26"]
[EventType "team-tourn"]
[EventRounds "7"]
[EventCountry "FAI"]
[SourceTitle "CBM 163 Extra"]
[Source "ChessBase"]
[SourceDate "2014.12.23"]
[SourceVersion "1"]
[SourceVersionDate "2014.12.23"]
[SourceQuality "1"]
[WhiteTeam "Sandavagur IV"]
[BlackTeam "Toftir II"]
[WhiteTeamCountry "FAI"]
[BlackTeamCountry "FAI"]

1. e4 e5 2. Nf3 Nc6 3. Bb5 a6 4. Ba4 Nf6 5. d3 d6 6. 0-0 Bg4 7. c3 Be7 8. Nbd2 0-0 9. Re1 b5 10. Bc2 Na5 11. Nf1 c5 12. h3 Bd7 13. Bd2 Nc6 14. Qe2 Qc7 15. Ne3 Bd8 16. Nh2 Ne7 17. Bb3 Ng6 18. Nd5 Nxd5 19. Bxd5 Bc6 20. Bb3 Kh8 21. Qd1 Qd7 22. a4 Bb6 23. Be3 f5 24. f3 Bd8 25. Bf2 Bg5 26. g3 f4 27. g4 Qe7 28. Qd2 Bh4 29. Ra2 Bg3 30. Nf1 Qh4 31. Kg2 Rab8 32. axb5 axb5 33. Rea1 Ra8 34. Nxg3 fxg3 35. Bxg3 Qf6 36. Qf2 Rxa2 37. Rxa2 Ra8 38. Rxa8+ Bxa8 39. Qe3 h6 40. c4 b4 41. Bd1 Qf7 42. h4 Nf4+ 43. Bxf4 exf4 44. Qc1 Qf6 45. Kh3 Bc6 46. Qd2 Bd7 47. Qf2 g5 48. hxg5 hxg5 49. Kg2 Kg7 50. Kg1 Be8 51. Kh1 Qe5 52. Kg2 Qf6 53. Kg1 Kg6 54. Kg2 Qh8 55. Kg1 Qg7 56. Kg2 Qa7 57. Qe2 Qe7 1/2-1/2

[Event "FAI-chT3 1415"]
[Site "Faroe Islands"]
[Date "2014.10.26"]
[Round "1.1"]
[White "Nielsen, Allan"]
[Black "Tuvuvolli, Jakup A"]
[Result "1/2-1/2"]
[WhiteElo "1322"]
[BlackElo "1528"]
[PlyCount "79"]
[EventDate "2014.10.26"]
[EventType "team-tourn"]
[EventRounds "7"]
[EventCountry "FAI"]
[SourceTitle "CBM 163 Extra"]
[Source "ChessBase"]
[SourceDate "2014.12.23"]
[SourceVersion "1"]
[SourceVersionDate "2014.12.23"]
[SourceQuality "1"]
[WhiteTeam "Sandavagur V"]
[BlackTeam "Sandavagur IV"]
[WhiteTeamCountry "FAI"]
[BlackTeamCountry "FAI"]

1. e4 c5 2. Nf3 d6 3. Bb5+ Bd7 4. Bxd7+ Qxd7 5. 0-0 Nc6 6. d4 cxd4 7. Nxd4 Nf6 8. Nc3 e6 9. Be3 Be7 10. a3 a6 11. h3 Qc7 12. f4 0-0 13. Qf3 Rac8 14. b4 Nxd4 15. Bxd4 e5 16. fxe5 dxe5 17. Ne2 exd4 18. Nxd4 Qb6 19. c3 Bd6 20. Kh1 Be5 21. Rfd1 Rfd8 22. Ne2 Qc6 23. Rxd8+ Rxd8 24. Ng3 Bxg3 25. Qxg3 Qxe4 26. Re1 Qc6 27. Re7 h6 28. Rc7 Qd5 29. c4 Qd1+ 30. Kh2 Rd7 31. c5 Qd4 32. c6 bxc6 33. Rxc6 Qa7 34. Rxf6 Rd1 35. Rf2 Qe7 36. Qf3 Qd6+ 37. g3 Qd7 38. Qa8+ Kh7 39. Qxa6 Qd5 40. Rg2 1/2-1/2